| 000 | 00916cam a2200229 4500 | ||
|---|---|---|---|
| 001 | WB3539-08 | ||
| 008 | 000000n1999 000 0 eng u | ||
| 035 | _a(Sirsi) u100308 | ||
| 245 | _aAlarm over targets for south-east homes | ||
| 260 | _c1999 | ||
| 490 |
_aGuardian _v 8 October 1999, 14(1) |
||
| 520 | _aAdvisors are urging the Government to plan for over a million new homes in the south-east by 2016, seeming to reject arguments of council planners that there should be no more more than 914,000 built. The Council for the Protection of Rural England argues that at present rates 30% of the south-east will be 'urbanised' by 2050. | ||
| 590 | _aWB | ||
| 650 | _aSERPLAN | ||
| 650 | _aCOUNCIL FOR THE PROTECTION OF RURAL ENGLAND | ||
| 650 | _aHOUSING NEEDS | ||
| 650 | _aDEVELOPMENT | ||
| 650 | _aGREENFIELD SITES | ||
| 650 | _aBROWNFIELD SITES | ||
| 690 | _aHOUSING-DEVELOPMENT | ||
| 942 | _n0 | ||
| 999 |
_c60055 _d60055 |
||